The prose works of N. P. Willis.

Bibliographic Details
Main Author: Willis, Nathaniel Parker, 1806-1867
Format: Microform Book
Language:English
Published: Philadelphia : Carey and Hart, 1849.
Edition:New ed.

MARC

Tag First Indicator Second Indicator Subfields
LEADER 00000cam a2200000 a 4500
001 in00000746821
005 20151016155126.0
007 hd afa014baca
008 760802s1849 ctu a 00001 eng d
035 |a (OCoLC)02351045 
035 |9 ADH8708AM 
040 |a JNA  |c JNA  |d LWS  |d UtOrBLW 
049 |a TXAI 
090 |a PS15 
099 |a film  |a B  |a 1551 
100 1 |a Willis, Nathaniel Parker,  |d 1806-1867. 
245 1 4 |a The prose works of N. P. Willis. 
250 |a New ed. 
264 1 |a Philadelphia :  |b Carey and Hart,  |c 1849. 
300 |a xv, 798 pages 
336 |a text  |b txt  |2 rdacontent 
337 |a microform  |b h  |2 rdamedia 
338 |a microfilm reel  |b hd  |2 rdacarrier 
533 |a Microfilm.  |b Woodbridge, Conn. :  |c Research Publications,  |d 1970-1978.  |e 1 microfilm reel ; 35 mm.  |f (Wright American fiction ; v. 1 (1774-1850), reel W-9, no. 2743) 
500 |a Microform. 
999 |a MARS 
999 f f |s d50f8617-8955-3655-89a0-1f476dc94de5  |i 69554d39-f514-3372-a534-a6cade9af4bb  |t 0 
952 f f |p default  |a Texas A&M University  |b College Station  |c Sterling C. Evans Library  |d Evans: Microforms (3rd floor)  |t 0  |e film B 1551 v.1 reel W-9 no.2743  |h Other scheme  |i microform -- microfilm reel 
998 f f |a film B 1551 v.1 reel W-9 no.2743  |t 0  |l Evans: Microforms (3rd floor)